Príjmy z poľnohospodárskej výroby a ich zdaňovanie
Spôsoby zdanenia príjmov z poľnohospodárskej výroby s prihliadnutím na rozdiely medzi príjmami z podnikateľskej poľnohospodárskej výroby a príjmami z nepodnikateľskej poľnohospodárskej výroby.
Gespeichert in:
| 1. Verfasser: | |
|---|---|
| Format: | Buchkapitel |
| Sprache: | Slowakisch |
| Schlagworte: | |
| Tags: |
Keine Tags, Fügen Sie das erste Tag hinzu!
|
MARC
| LEADER | 00000naa a2200000 4500 | ||
|---|---|---|---|
| 001 | r038750 | ||
| 005 | 20230911132413.5 | ||
| 041 | 0 | |a slo | |
| 044 | |a SK | ||
| 245 | 1 | 0 | |a Príjmy z poľnohospodárskej výroby a ich zdaňovanie |c Štefan Fekete |
| 520 | |a Spôsoby zdanenia príjmov z poľnohospodárskej výroby s prihliadnutím na rozdiely medzi príjmami z podnikateľskej poľnohospodárskej výroby a príjmami z nepodnikateľskej poľnohospodárskej výroby. | ||
| 610 | 2 | 0 | |a dane |
| 610 | 2 | 0 | |a daňovníci |
| 610 | 2 | 0 | |a zdaňovanie |
| 610 | 2 | 0 | |a výroba poľnohospodárska |
| 610 | 2 | 0 | |a podnikatelia |
| 610 | 2 | 0 | |a príjmy |
| 610 | 2 | 0 | |a základ dane |
| 100 | 1 | |a Fekete, Štefan | |